000 00513nam a2200193Ia 4500
999 _c14693
_d14693
003 OSt
005 20201119132205.0
008 190216s9999||||xx |||||||||||||| ||und||
020 _a9780415415460
040 _coclc
082 _a700.4112
_bCHI/M
100 _aChilds, Peter
_95500
245 0 _aModernism /
_cPeter Childs
250 _a2nd Ed.
260 _bRoutledge ,
_aLondon:
_c2008.
300 _a236p
650 _aEnglish
942 _cBK
_2ddc
_h700.4112
_iCHI/M
_k700.4112
_mCHI/M